Les Entraîneurs de l'AC Milan depuis 1987 - Statistiques

Statistiques générales
  • Ce quiz a été pris 83 fois
    9 depuis la dernière actualisation
  • Le résultat moyen est 13 sur 21
Statistiques - réponses
Date Réponse % Correct
1987-1991 Arrigo Sacchi
100%
1996-1997 Arrigo Sacchi
100%
2010-2014 Massimiliano Allegri
100%
2025-2026 Massimiliano Allegri
100%
2001-2009 Carlo Ancelotti
88%
2014-2015 Filippo Inzaghi
88%
2019-2024 Stefano Pioli
88%
1991-1996 Fabio Capello
75%
1997-1998 Fabio Capello
75%
2017-2019 Gennaro Gattuso
75%
2014 Clarence Seedorf
63%
2001 Cesare Maldini
50%
2024 Paulo Fonseca
50%
2001 Faith Terim
38%
2009-2010 Leonardo
38%
2019 Marco Giampaolo
38%
2024-2025 Sergio Conceiçao
38%
2016-2017 Vicenzo Montella
38%
1998-2001 Alberto Zaccheroni
25%
1996 Oscar Tabarez
25%
2015-2016 Sinisa Mihajlovic
25%
Aucun quiz correspondant
Distribution des résultats
% des personnes avec chaque résultat
Percentile par nombre de réponses
Votre historique - résultats
Vous n’avez pas pris ce quiz depuis la dernière actualisation